Catálogo público

Pastos y forrajes para ganado / (Record no. 169743)

MARC details
000 -CABECERA
campo de control de longitud fija 01270nam a2200349Ia 4500
001 - NÚMERO DE CONTROL
campo de control Z_6477
003 - IDENTIFICADOR DEL NÚMERO DE CONTROL
campo de control CHAP
008 - DATOS DE LONGITUD FIJA--INFORMACIÓN GENERAL
campo de control de longitud fija 220113s[s.f xx 000 0 und d
010 ## - NÚMERO DE CONTROL DE LA BIBLIOTECA DEL CONGRESO
Número de control de LC 169743
020 ## - NÚMERO INTERNACIONAL ESTÁNDAR DEL LIBRO
Número Internacional Estándar del Libro 978-958-736-028-8
040 ## - FUENTE DE LA CATALOGACIÓN
Centro/agencia transcriptor CHAP
082 ## - NÚMERO DE LA CLASIFICACIÓN DECIMAL DEWEY
Número de clasificación 636.086 P37
245 ## - MENCIÓN DE TÍTULO
Título Pastos y forrajes para ganado /
Mención de responsabilidad, etc. editor Felipe Durán Ramírez; diseño editoril Edwin Zambrano Pineda; diagramación Edwin Zambrano Pineda; corrección de estilo Nidia Alba Cuellar
260 ## - PUBLICACIÓN, DISTRIBUCIÓN, ETC.
Lugar de publicación, distribución, etc. Colombia :
Nombre del editor, distribuidor, etc. Grupo Latino,
Fecha de publicación, distribución, etc. [s.f
300 ## - DESCRIPCIÓN FÍSICA
Extensión 422 p.
440 ## - MENCIÓN DE SERIE/PUNTO DE ACCESO ADICIONAL--TÍTULO
Título (Volvamos al campo)
9 (RLIN) 124898
500 ## - NOTA GENERAL
Nota general Ilustraciones y fotografía: Archivo Grupo Latino Editores S.A.S.
503 ## - NOTA DE HISTORIA BIBLIOGRÁFICA (BK CF MU) [OBSOLETO]
Nota de historia bibliográfica ej.1: consumo \ ej.2: consumo \ ej.3: consumo (sin sellos)
504 ## - NOTA DE BIBLIOGRAFÍA, ETC.
Nota de bibliografía, etc. Bibliografía: p. 395 - 422
650 ## - PUNTO DE ACCESO ADICIONAL DE MATERIA--TÉRMINO DE MATERIA
Término de materia o nombre geográfico como elemento de entrada Alimentos y alimentación del ganado
Subdivisión general
-- Forrajes
9 (RLIN) 144892
650 ## - PUNTO DE ACCESO ADICIONAL DE MATERIA--TÉRMINO DE MATERIA
Término de materia o nombre geográfico como elemento de entrada Alimentos y alimentación del ganado
Subdivisión general
-- Pastos
9 (RLIN) 144893
650 ## - PUNTO DE ACCESO ADICIONAL DE MATERIA--TÉRMINO DE MATERIA
Término de materia o nombre geográfico como elemento de entrada Ganado de carne
Subdivisión general
-- Alimentos y alimentación\
9 (RLIN) 144894
650 ## - PUNTO DE ACCESO ADICIONAL DE MATERIA--TÉRMINO DE MATERIA
Término de materia o nombre geográfico como elemento de entrada Ganado lechero
Subdivisión general
-- Alimentos y alimentación
9 (RLIN) 144895
650 ## - PUNTO DE ACCESO ADICIONAL DE MATERIA--TÉRMINO DE MATERIA
Término de materia o nombre geográfico como elemento de entrada Ganado vacuno
9 (RLIN) 45425
650 ## - PUNTO DE ACCESO ADICIONAL DE MATERIA--TÉRMINO DE MATERIA
Término de materia o nombre geográfico como elemento de entrada Patos
Subdivisión general
-- Valor nutritivo
9 (RLIN) 144896
901 ## - ELEMENTOS DE DATOS A LOCAL LDA (RLIN)
a 636.086 P37
902 ## - ELEMENTOS DE DATOS B LOCAL, LDB (RLIN)
a M
910 ## - DATOS DE OPCIÓN DEL USUARIO (OCLC)
Datos de opción del usuario [s.f
942 ## - ELEMENTOS DE PUNTO DE ACCESO ADICIONAL (KOHA)
Tipo de ítem Koha Libro_
942 ## - ELEMENTOS DE PUNTO DE ACCESO ADICIONAL (KOHA)
Tipo de ítem Koha
Holdings
Estado de retiro Estado de pérdida Fuente del sistema de clasificación o colocación Estado dañado No para préstamo Código de colección Localización permanente Ubicación/localización actual Ubicación en estantería Fecha de adquisición Total de préstamos Código de barras Fecha visto por última vez Fecha del último préstamo Número de copia Precio válido a partir de Tipo de ítem Koha
    Dewey Decimal Classification     General Zootecnia Zootecnia   01/10/2014 5 z_6358 21/11/2024 21/11/2024 1 18/01/2022 Libro
    Dewey Decimal Classification     General Zootecnia Zootecnia   01/10/2014   z_6359 18/01/2022   2 18/01/2022 Libro
    Dewey Decimal Classification     General Zootecnia Zootecnia   27/11/2014 2 z_6396 13/04/2023 13/04/2023 3 18/01/2022 Libro